MARC

LEADER 00000nam0a2200000 4500
001 278943
005 20231101235149.0
020 |a RU  |b 85-58424 
035 |a (RuTPU)RU\TPU\book\302221 
090 |a 278943 
100 |a 20141216d1985 k y0rusy5003 ca 
101 0 |a rus 
102 |a RU 
105 |a a z 000zy 
200 1 |a Теоретическая и прикладная химия "бетта"-дикетонатов металлов  |f Академия наук СССР (АН СССР), Институт физической химии (ИФХ) ; под ред. В. И. Спицына, Л. И. Мартыненко 
210 |a Москва  |c Наука  |d 1985 
215 |a 270 с.  |c ил. 
606 1 |a бета-Дикетоны  |x Комплексные соединения с металлами  |2 stltpush  |3 (RuTPU)RU\TPU\subj\76489  |9 87548 
610 1 |a теоретическая химия 
610 1 |a прикладная химия 
610 1 |a строение 
610 1 |a свойства 
610 1 |a использование 
610 1 |a газовая хроматография 
610 1 |a переходные металлы 
675 |a 547.44  |z rus  |v 4 
702 1 |a Спицын  |b В. И.  |g Виктор Иванович  |4 340 
702 1 |a Мартыненко  |b Л. И.  |4 340 
712 0 2 |a Академия наук СССР (АН СССР)  |b Институт физической химии (ИФХ)  |c (Москва)  |c (1945-1991)  |2 stltpush  |3 (RuTPU)RU\TPU\col\11504 
801 0 |a RU  |b RuMRKP  |c 19950704  |g psbo 
801 1 |a RU  |b 63413507  |c 20141216 
801 2 |a RU  |b 63413507  |c 20170602  |g RCR 
942 |c BK